000 00780nam a2200229Ia 4500
003 OSt
005 20220923214944.0
006 a|||||r|||| 00| 0
007 ta
008 220922b |||||||| |||| 00| 0 hin d
024 _a174,129
037 _cTextual
040 _aARTS
_cARTS
_bhin
041 _2hin
_ahin
082 _aO152:8NSAx, K9
100 _aसंसार चन्द्र
_9156318
245 0 _aहिन्दी हास्य व्यंग्य निबन्ध
_b रूपयात्रा
246 _aHindī hāsya vyangya nibandha: rūpayātrā
260 _aइलाहाबाद
_b किताब महल
_c1969
942 _hO152:8NSAx, K9
_cTEXL
_2CC
999 _c327945
_d327945